LEADER 00861nam a2200229 i 4500 001 000000203914 003 CaOOAMICUS 005 20110711000000.0 008 110711s2001 it u000 u ita u 013 $a182629 020 $a88-87637-00-8 040 $aSeMil$bita 245 10$aLatine disco. 260 $aMontella :$bAcademia Vivarium Novum,$c2001. 300 $a435 p. :$bill. 773 0 $aOrberg, Hans H.$tLingua Latina per se illustrata.$dGreena, Dania : Domus Latina, 2001.$w()25184 850 $aSeMil 852 $aSeMil$W1$xVenegono$y1$m1X III 95$j237981$B154408$CSeMilBibl$Z2$F166503 $81 961 $aOmaggio: Altro 996 $6020$a88-87637-00-8$9(OLS)http://semarc/number/197171 996 $6245$aLatine disco$9(OLS)http://semarc/title/295420 996 $6260$aMontella :$bAcademia Vivarium Novum$9(OLS)http://semarc/publisher/47098 LEADER 01129nam a2200217 i 4500 001 000000207734 003 CaOOAMICUS 005 20111104000000.0 008 111104s1922 it u000 u ita u 013 $a186517 040 $aSeMil$bita 100 1 $aCaldonazzo, Bruto.$0(OLS)http://semarc/name/74563 245 10$aEsercizi e complementi di analisi matematica :$bsvolte nel R. Istituto Tecnico Superiore di Milano nell'Anno Accademico 1921-1922 pel 2. corso preparatorio /$cB. Caldonazzo. 260 $aMilano :$bLibreria Editrice Politecnica Cesare Tamburini,$c1922. 300 $a124 p. :$bill. ;$c24 cm. 500 $aBozze di stampa. 650 4$aAnalisi matematica.$0(OLS)http://semarc/subject/3876 850 $aSeMil 852 $aSeMil$W1$xVenegono$y1$m3W V 276$j158193$B158193$CSeMilBibl$Z2$F169413 $81 996 $6245$aEsercizi e complementi di analisi matematica :$bsvolte nel R. Istituto Tecnico Superiore di Milano nell'Anno Accademico 1921-1922 pel 2. corso preparatorio$9(OLS)http://semarc/title/300385 996 $6260$aMilano :$bLibreria Editrice Politecnica Cesare Tamburini$9(OLS)http://semarc/publisher/52108